00410 2200169 4500001002100000008004100021035002000062245003800082100002100120250000600141260003300147300001200180084001400192082000800206650001400214990001200228INLIS000000000000463 ind  a0010-0424000439 aTembang MacapatcDinas Pendidikan aDinas Pendidikan a1 aJawa Tengah :bPandawa Group a186 hlm a700 DIN t a700 aNon Fiksi a0722648